<?xml version="1.0" encoding="UTF-8"?>
<record
    xmlns:xsi="http://www.w3.org/2001/XMLSchema-instance"
    xsi:schemaLocation="http://www.loc.gov/MARC21/slim http://www.loc.gov/standards/marcxml/schema/MARC21slim.xsd"
    xmlns="http://www.loc.gov/MARC21/slim">

  <leader>03810cam a22008054i 4500</leader>
  <controlfield tag="003">PE-LiUPU</controlfield>
  <controlfield tag="005">20250731170424.0</controlfield>
  <controlfield tag="008">180808s2018    ag 0    rb    001 0 spa d</controlfield>
  <datafield tag="020" ind1=" " ind2=" ">
    <subfield code="a">6124689197</subfield>
  </datafield>
  <datafield tag="020" ind1=" " ind2=" ">
    <subfield code="a">9786124689192</subfield>
  </datafield>
  <datafield tag="035" ind1=" " ind2=" ">
    <subfield code="a">(Sirsi) a249570</subfield>
  </datafield>
  <datafield tag="040" ind1=" " ind2=" ">
    <subfield code="a">PE-LiUPU</subfield>
    <subfield code="b">spa</subfield>
    <subfield code="c">PE-LiUPU</subfield>
    <subfield code="e">rda</subfield>
  </datafield>
  <datafield tag="041" ind1="1" ind2=" ">
    <subfield code="a">spa</subfield>
    <subfield code="h">eng</subfield>
  </datafield>
  <datafield tag="049" ind1=" " ind2=" ">
    <subfield code="a">PRUA</subfield>
  </datafield>
  <datafield tag="082" ind1="0" ind2="4">
    <subfield code="a">152.384</subfield>
    <subfield code="b">P29</subfield>
    <subfield code="2">20</subfield>
  </datafield>
  <datafield tag="100" ind1="1" ind2=" ">
    <subfield code="a">Ekman, Paul,</subfield>
    <subfield code="e">autor.</subfield>
  </datafield>
  <datafield tag="245" ind1="1" ind2="0">
    <subfield code="a">C&#xF3;mo detectar mentiras :</subfield>
    <subfield code="b">una gu&#xED;a para utilizar en el trabajo, la pol&#xED;tica y la pareja /</subfield>
    <subfield code="c">Paul Ekman.</subfield>
  </datafield>
  <datafield tag="250" ind1=" " ind2=" ">
    <subfield code="a">Primera edici&#xF3;n.</subfield>
  </datafield>
  <datafield tag="264" ind1=" " ind2="1">
    <subfield code="a">Buenos Aires :</subfield>
    <subfield code="b">Paid&#xF3;s,</subfield>
    <subfield code="c">2018.</subfield>
  </datafield>
  <datafield tag="300" ind1=" " ind2=" ">
    <subfield code="a">399 p&#xE1;ginas ;</subfield>
    <subfield code="c">21 cent&#xED;metros.</subfield>
  </datafield>
  <datafield tag="336" ind1=" " ind2=" ">
    <subfield code="a">text</subfield>
    <subfield code="2">rdacontent</subfield>
  </datafield>
  <datafield tag="337" ind1=" " ind2=" ">
    <subfield code="a">unmediated</subfield>
    <subfield code="2">rdamedia</subfield>
  </datafield>
  <datafield tag="338" ind1=" " ind2=" ">
    <subfield code="a">volume</subfield>
    <subfield code="2">rdacarrier</subfield>
  </datafield>
  <datafield tag="490" ind1="0" ind2=" ">
    <subfield code="a">Saberes cotidianos ;</subfield>
    <subfield code="v">55</subfield>
  </datafield>
  <datafield tag="504" ind1=" " ind2=" ">
    <subfield code="a">Bibliograf&#xED;a: p&#xE1;ginas 373-386.</subfield>
  </datafield>
  <datafield tag="504" ind1=" " ind2=" ">
    <subfield code="a">&#xCD;ndice: p&#xE1;ginas 387-399.</subfield>
  </datafield>
  <datafield tag="505" ind1="0" ind2=" ">
    <subfield code="a">Mentiras, autodelaciones e indicios del enga&#xF1;o -- por que fallan las mentiras -- la detecci&#xF3;n del enga&#xF1;o a partir de las palabras, la vos y el cuerpo -- los indicios faciales del enga&#xF1;o -- peligros y precauciones -- el pol&#xED;grafo como detector de mentiras -- verificaci&#xF3;n de la mentira -- detectar mentiras en la d&#xE9;cada de 1990 -- la mentira en la vida p&#xFA;blica -- nuevos descubrimientos y nuevas ideas sobre la mentira y su detecci&#xF3;n.</subfield>
  </datafield>
  <datafield tag="526" ind1=" " ind2=" ">
    <subfield code="a">SEG68</subfield>
  </datafield>
  <datafield tag="526" ind1=" " ind2=" ">
    <subfield code="a">SEG70</subfield>
  </datafield>
  <datafield tag="526" ind1=" " ind2=" ">
    <subfield code="a">SEG69</subfield>
  </datafield>
  <datafield tag="526" ind1=" " ind2=" ">
    <subfield code="a">SEG67</subfield>
  </datafield>
  <datafield tag="526" ind1=" " ind2=" ">
    <subfield code="a">SEG43</subfield>
  </datafield>
  <datafield tag="526" ind1=" " ind2=" ">
    <subfield code="a">P144</subfield>
  </datafield>
  <datafield tag="526" ind1=" " ind2=" ">
    <subfield code="a">P143</subfield>
  </datafield>
  <datafield tag="526" ind1=" " ind2=" ">
    <subfield code="a">P131</subfield>
  </datafield>
  <datafield tag="526" ind1=" " ind2=" ">
    <subfield code="a">P122</subfield>
  </datafield>
  <datafield tag="526" ind1=" " ind2=" ">
    <subfield code="a">P120</subfield>
  </datafield>
  <datafield tag="526" ind1=" " ind2=" ">
    <subfield code="a">P117</subfield>
  </datafield>
  <datafield tag="526" ind1=" " ind2=" ">
    <subfield code="a">P112</subfield>
  </datafield>
  <datafield tag="526" ind1=" " ind2=" ">
    <subfield code="a">P110</subfield>
  </datafield>
  <datafield tag="526" ind1=" " ind2=" ">
    <subfield code="a">P106</subfield>
  </datafield>
  <datafield tag="526" ind1=" " ind2=" ">
    <subfield code="a">P101</subfield>
  </datafield>
  <datafield tag="526" ind1=" " ind2=" ">
    <subfield code="a">P80</subfield>
  </datafield>
  <datafield tag="526" ind1=" " ind2=" ">
    <subfield code="a">P59</subfield>
  </datafield>
  <datafield tag="526" ind1=" " ind2=" ">
    <subfield code="a">P54</subfield>
  </datafield>
  <datafield tag="526" ind1=" " ind2=" ">
    <subfield code="a">P35</subfield>
  </datafield>
  <datafield tag="526" ind1=" " ind2=" ">
    <subfield code="a">P33</subfield>
  </datafield>
  <datafield tag="526" ind1=" " ind2=" ">
    <subfield code="a">P30</subfield>
  </datafield>
  <datafield tag="534" ind1=" " ind2=" ">
    <subfield code="p">T&#xED;tulo original :</subfield>
    <subfield code="t">Telling Lies.</subfield>
  </datafield>
  <datafield tag="541" ind1=" " ind2=" ">
    <subfield code="g">001-003630;</subfield>
  </datafield>
  <datafield tag="541" ind1=" " ind2=" ">
    <subfield code="g">002-00000796;</subfield>
  </datafield>
  <datafield tag="541" ind1=" " ind2=" ">
    <subfield code="g">0021-0005351;</subfield>
  </datafield>
  <datafield tag="541" ind1=" " ind2=" ">
    <subfield code="g">E001-18;</subfield>
  </datafield>
  <datafield tag="650" ind1="0" ind2="7">
    <subfield code="a">Verdad y mentira.</subfield>
    <subfield code="2">lemb</subfield>
  </datafield>
  <datafield tag="650" ind1="0" ind2="7">
    <subfield code="a">Comunicaci&#xF3;n No verbal (Psicolog&#xED;a)</subfield>
  </datafield>
  <datafield tag="650" ind1="0" ind2="7">
    <subfield code="a">Mitonamia.</subfield>
    <subfield code="2">lemb</subfield>
  </datafield>
  <datafield tag="910" ind1=" " ind2=" ">
    <subfield code="a">dbm</subfield>
    <subfield code="b">ksl</subfield>
    <subfield code="c">ksl</subfield>
    <subfield code="d">20180808</subfield>
  </datafield>
  <datafield tag="910" ind1=" " ind2=" ">
    <subfield code="a">dbm</subfield>
    <subfield code="b">ksl</subfield>
    <subfield code="c">ksl</subfield>
    <subfield code="d">20190204</subfield>
  </datafield>
  <datafield tag="910" ind1=" " ind2=" ">
    <subfield code="a">dbm</subfield>
    <subfield code="b">jhp</subfield>
    <subfield code="c">jhp</subfield>
    <subfield code="d">20180903</subfield>
  </datafield>
  <datafield tag="910" ind1=" " ind2=" ">
    <subfield code="a">dbm</subfield>
    <subfield code="b">jpc</subfield>
    <subfield code="c">jpc</subfield>
    <subfield code="d">20191114</subfield>
  </datafield>
  <datafield tag="942" ind1=" " ind2=" ">
    <subfield code="2">ddc</subfield>
    <subfield code="c">BOOK</subfield>
  </datafield>
  <datafield tag="994" ind1=" " ind2=" ">
    <subfield code="a">C0</subfield>
    <subfield code="b">PEPRU</subfield>
  </datafield>
  <datafield tag="596" ind1=" " ind2=" ">
    <subfield code="a">1</subfield>
  </datafield>
  <datafield tag="999" ind1=" " ind2=" ">
    <subfield code="a">152.384 P29</subfield>
    <subfield code="w">DEWEY</subfield>
    <subfield code="c">29119</subfield>
    <subfield code="i">79195</subfield>
    <subfield code="d">29119</subfield>
    <subfield code="e">2019-8-16</subfield>
    <subfield code="f">2021-11-3</subfield>
    <subfield code="g">4</subfield>
    <subfield code="l">CCODEBUL1</subfield>
    <subfield code="m">BUL</subfield>
    <subfield code="n">4</subfield>
    <subfield code="p">51.53</subfield>
    <subfield code="q">3</subfield>
    <subfield code="r">0</subfield>
    <subfield code="s">Y</subfield>
    <subfield code="t">BOOK</subfield>
    <subfield code="u">2018-8-8</subfield>
    <subfield code="x">SALUD</subfield>
    <subfield code="z">P80</subfield>
    <subfield code="0">COMPRA</subfield>
    <subfield code="1">FCOMPRA</subfield>
    <subfield code="o">.STAFF. Colecci&#xF3;n Ciencias de la Salud</subfield>
  </datafield>
  <datafield tag="999" ind1=" " ind2=" ">
    <subfield code="a">152.384 P29</subfield>
    <subfield code="w">DEWEY</subfield>
    <subfield code="c">2</subfield>
    <subfield code="i">79196</subfield>
    <subfield code="d">2019-11-20</subfield>
    <subfield code="e">2019-11-12</subfield>
    <subfield code="f">2021-11-3</subfield>
    <subfield code="g">4</subfield>
    <subfield code="l">CCODEBUL1</subfield>
    <subfield code="m">BUL</subfield>
    <subfield code="n">9</subfield>
    <subfield code="p">51.53</subfield>
    <subfield code="q">2</subfield>
    <subfield code="r">0</subfield>
    <subfield code="s">Y</subfield>
    <subfield code="t">BOOK</subfield>
    <subfield code="u">2018-8-8</subfield>
    <subfield code="x">SALUD</subfield>
    <subfield code="z">P80</subfield>
    <subfield code="0">COMPRA</subfield>
    <subfield code="1">FCOMPRA</subfield>
    <subfield code="o">.STAFF. Colecci&#xF3;n Ciencias de la Salud</subfield>
  </datafield>
  <datafield tag="999" ind1=" " ind2=" ">
    <subfield code="a">152.384 P29</subfield>
    <subfield code="w">DEWEY</subfield>
    <subfield code="c">3</subfield>
    <subfield code="i">79808</subfield>
    <subfield code="d">2019-5-16</subfield>
    <subfield code="e">2019-4-28</subfield>
    <subfield code="f">2021-11-3</subfield>
    <subfield code="g">3</subfield>
    <subfield code="l">CCODEBUL1</subfield>
    <subfield code="m">BUL</subfield>
    <subfield code="n">2</subfield>
    <subfield code="p">27.02</subfield>
    <subfield code="q">1</subfield>
    <subfield code="r">0</subfield>
    <subfield code="s">Y</subfield>
    <subfield code="t">BOOK</subfield>
    <subfield code="u">2019-2-4</subfield>
    <subfield code="x">SALUD</subfield>
    <subfield code="z">P33</subfield>
    <subfield code="0">COMPRA</subfield>
    <subfield code="1">FCOMPR2</subfield>
    <subfield code="o">.STAFF. Colecci&#xF3;n Ciencias de la Salud</subfield>
  </datafield>
  <datafield tag="999" ind1=" " ind2=" ">
    <subfield code="a">152.384 P29</subfield>
    <subfield code="w">DEWEY</subfield>
    <subfield code="c">4</subfield>
    <subfield code="i">78418</subfield>
    <subfield code="l">CRAI-HOUSE</subfield>
    <subfield code="m">BUL</subfield>
    <subfield code="p">25.99</subfield>
    <subfield code="r">0</subfield>
    <subfield code="s">Y</subfield>
    <subfield code="t">BOOK</subfield>
    <subfield code="u">2019-11-14</subfield>
    <subfield code="x">FCE</subfield>
    <subfield code="z">P33</subfield>
    <subfield code="0">COMPRA</subfield>
    <subfield code="1">FCOMPRA</subfield>
    <subfield code="o">.STAFF. Colecci&#xF3;n Ciencias de la Salud</subfield>
  </datafield>
  <datafield tag="999" ind1=" " ind2=" ">
    <subfield code="a">152.384 P29</subfield>
    <subfield code="w">DEWEY</subfield>
    <subfield code="c">5</subfield>
    <subfield code="i">80765</subfield>
    <subfield code="f">2021-11-3</subfield>
    <subfield code="g">4</subfield>
    <subfield code="l">CCODEBUL1</subfield>
    <subfield code="m">BUL</subfield>
    <subfield code="p">47.50</subfield>
    <subfield code="r">0</subfield>
    <subfield code="s">Y</subfield>
    <subfield code="t">BOOK</subfield>
    <subfield code="u">2019-11-14</subfield>
    <subfield code="x">SALUD</subfield>
    <subfield code="z">P54</subfield>
    <subfield code="0">COMPRA</subfield>
    <subfield code="1">FCOMPR4</subfield>
    <subfield code="o">.STAFF. Colecci&#xF3;n Ciencias de la Salud</subfield>
  </datafield>
  <datafield tag="999" ind1=" " ind2=" ">
    <subfield code="a">152.384 P29</subfield>
    <subfield code="w">DEWEY</subfield>
    <subfield code="c">6</subfield>
    <subfield code="i">80766</subfield>
    <subfield code="f">2021-11-3</subfield>
    <subfield code="g">4</subfield>
    <subfield code="l">CCODEBUL1</subfield>
    <subfield code="m">BUL</subfield>
    <subfield code="p">47.50</subfield>
    <subfield code="r">0</subfield>
    <subfield code="s">Y</subfield>
    <subfield code="t">BOOK</subfield>
    <subfield code="u">2019-11-14</subfield>
    <subfield code="x">SALUD</subfield>
    <subfield code="z">P54</subfield>
    <subfield code="0">COMPRA</subfield>
    <subfield code="1">FCOMPR4</subfield>
    <subfield code="o">.STAFF. Colecci&#xF3;n Ciencias de la Salud</subfield>
  </datafield>
  <datafield tag="980" ind1=" " ind2=" ">
    <subfield code="8">1</subfield>
    <subfield code="g">ALBERTO SANCHEZ Responsable de Automatizaci&#xF3;n</subfield>
  </datafield>
  <datafield tag="952" ind1=" " ind2=" ">
    <subfield code="r">2026-04-28 15:47:03</subfield>
    <subfield code="i">5</subfield>
    <subfield code="l">16</subfield>
    <subfield code="o">152.384 P29</subfield>
    <subfield code="p">79195</subfield>
    <subfield code="s">2026-04-22</subfield>
    <subfield code="t">e1</subfield>
    <subfield code="v">56.53</subfield>
    <subfield code="w">2018-08-08</subfield>
    <subfield code="x">PG</subfield>
    <subfield code="y">BK</subfield>
    <subfield code="z">inventario-2023-12-13</subfield>
    <subfield code="1">0</subfield>
    <subfield code="2">ddc</subfield>
    <subfield code="5">0</subfield>
    <subfield code="7">0</subfield>
    <subfield code="8">GEN</subfield>
    <subfield code="f">P80</subfield>
    <subfield code="a">BUL</subfield>
    <subfield code="b">BUL</subfield>
    <subfield code="c">GEN</subfield>
    <subfield code="d">2018-08-08</subfield>
    <subfield code="e">COMPRA</subfield>
    <subfield code="g">51.53</subfield>
  </datafield>
  <datafield tag="952" ind1=" " ind2=" ">
    <subfield code="r">2025-12-02 00:00:00</subfield>
    <subfield code="i">5</subfield>
    <subfield code="l">16</subfield>
    <subfield code="o">152.384 P29</subfield>
    <subfield code="p">79196</subfield>
    <subfield code="s">2025-10-27</subfield>
    <subfield code="t">e2</subfield>
    <subfield code="v">56.53</subfield>
    <subfield code="w">2018-08-08</subfield>
    <subfield code="x">PG</subfield>
    <subfield code="y">BK</subfield>
    <subfield code="z">inventario-2023-12-13</subfield>
    <subfield code="1">0</subfield>
    <subfield code="2">ddc</subfield>
    <subfield code="5">0</subfield>
    <subfield code="7">0</subfield>
    <subfield code="8">GEN</subfield>
    <subfield code="f">P80</subfield>
    <subfield code="a">BUL</subfield>
    <subfield code="b">BUL</subfield>
    <subfield code="c">GEN</subfield>
    <subfield code="d">2018-08-08</subfield>
    <subfield code="e">COMPRA</subfield>
    <subfield code="g">51.53</subfield>
  </datafield>
  <datafield tag="952" ind1=" " ind2=" ">
    <subfield code="r">2025-12-02 00:00:00</subfield>
    <subfield code="i">4</subfield>
    <subfield code="l">11</subfield>
    <subfield code="m">2</subfield>
    <subfield code="o">152.384 P29</subfield>
    <subfield code="p">79808</subfield>
    <subfield code="s">2024-10-31</subfield>
    <subfield code="t">e3</subfield>
    <subfield code="v">32.02</subfield>
    <subfield code="w">2019-02-04</subfield>
    <subfield code="x">FCS</subfield>
    <subfield code="y">BK</subfield>
    <subfield code="z">inventario-2023-12-13</subfield>
    <subfield code="1">0</subfield>
    <subfield code="2">ddc</subfield>
    <subfield code="5">0</subfield>
    <subfield code="7">0</subfield>
    <subfield code="8">GEN</subfield>
    <subfield code="f">P33</subfield>
    <subfield code="a">BUL</subfield>
    <subfield code="b">BUL</subfield>
    <subfield code="c">GEN</subfield>
    <subfield code="d">2019-02-04</subfield>
    <subfield code="e">COMPRA</subfield>
    <subfield code="g">27.02</subfield>
  </datafield>
  <datafield tag="952" ind1=" " ind2=" ">
    <subfield code="r">2022-12-28 00:00:00</subfield>
    <subfield code="i">5</subfield>
    <subfield code="l">0</subfield>
    <subfield code="o">152.384 P29</subfield>
    <subfield code="p">78418</subfield>
    <subfield code="t">e4</subfield>
    <subfield code="v">30.99</subfield>
    <subfield code="w">2019-11-14</subfield>
    <subfield code="x">FCS</subfield>
    <subfield code="y">BK</subfield>
    <subfield code="1">0</subfield>
    <subfield code="2">ddc</subfield>
    <subfield code="7">0</subfield>
    <subfield code="8">GEN</subfield>
    <subfield code="f">P33</subfield>
    <subfield code="a">BUL</subfield>
    <subfield code="b">BUL</subfield>
    <subfield code="c">LITTLE</subfield>
    <subfield code="d">2019-11-14</subfield>
    <subfield code="e">COMPRA</subfield>
    <subfield code="g">25.99</subfield>
  </datafield>
  <datafield tag="952" ind1=" " ind2=" ">
    <subfield code="r">2025-12-02 00:00:00</subfield>
    <subfield code="i">1</subfield>
    <subfield code="l">8</subfield>
    <subfield code="o">152.384 P29</subfield>
    <subfield code="p">80766</subfield>
    <subfield code="s">2025-09-22</subfield>
    <subfield code="t">e6</subfield>
    <subfield code="v">52.50</subfield>
    <subfield code="w">2019-11-14</subfield>
    <subfield code="x">PG</subfield>
    <subfield code="y">BK</subfield>
    <subfield code="z">inventario-2023-12-13</subfield>
    <subfield code="1">0</subfield>
    <subfield code="2">ddc</subfield>
    <subfield code="5">0</subfield>
    <subfield code="7">0</subfield>
    <subfield code="8">GEN</subfield>
    <subfield code="f">P54</subfield>
    <subfield code="a">BUL</subfield>
    <subfield code="b">BUL</subfield>
    <subfield code="c">GEN</subfield>
    <subfield code="d">2019-11-14</subfield>
    <subfield code="e">COMPRA</subfield>
    <subfield code="g">47.50</subfield>
  </datafield>
</record>
